Gaming Quiz

Random Gaming or Mario Quiz

Mario kart tracks by crambled words Quiz Stats

 Plays Quiz not verified by Sporcle

Score 0/20 Timer 10:00
0 Plays Today
tracks track % Correct
kd asspdk pass
86.2%
pooka pacekoopa cape
86.2%
hys gyu ahecbshy guy beach
85.3%
oiram tiucricmario circuit
83.5%
ishoy sallfyoshi falls
82.6%
wonraib droarainbow road
80.7%
uoocctn lmalcoconut mall
78%
herbets dnalsherbet land
77.1%
ryd yrd sniurdry dry ruins
77.1%
odsat yfaorcttoads factory
77.1%
tracks track % Correct
iwuigal musaidtwaluigi stadium
76.1%
hyiso ticuciryoshi circuit
76.1%
feldino qaersudelfino square
73.4%
monoweiv yihghwamoonview highway
71.6%
iaorws logd imenwarios gold mine
71.6%
sydai resiurcdaisy cruiser
67.9%
pamel yeeawtrmaple treeway
67.9%
sdk owardbosn sorcsdks snowboard cross
63.3%
hsomro grideshroom ridge
59.6%
peparf londsnawfrappe snowland
58.7%

You're not logged in!

Compare scores with friends on all Sporcle quizzes.
OR
Log In

Show Comments

Extras

Top Quizzes Today


Score Distribution

Your Account Isn't Verified!

In order to create a playlist on Sporcle, you need to verify the email address you used during registration. Go to your Sporcle Settings to finish the process.

Report this User

Report this user for behavior that violates our Community Guidelines.

Details: